000
00315nam a22001337a 4500
008
181012b xxu||||| |||| 00| 0 eng d
020
_a
9780895261861
041
_a
eng
080
_a
610
100
_a
4
101
_a
SHM
245
_a
The Cornell Illustrated Encyclopedia of Health
_c
Gotto,A.M
942
_2
udc
_c
BK
999
_c
49498
_d
49498